|
|
|
|
| LEADER |
00000nab a2200000 a 4500 |
| 001 |
vtls008409308 |
| 003 |
SK-MaSNL |
| 005 |
20260304145519.0 |
| 008 |
250505c2005 xo mr|p|||||||000 b|slo |
| 015 |
|
|
|a SNBRB2005/11
|2 snkbucl
|
| 035 |
|
|
|a (uuid)7e6c12b4-7784-44ac-9f86-3d38e255c1cd
|
| 035 |
|
|
|a urn:nbn:sk:snk-abvpu
|
| 035 |
|
|
|a (urnnbn)urn:nbn:sk:snk:ar-a05ae5
|
| 038 |
|
|
|a SNKBUCL
|
| 040 |
|
|
|a SNKBUCL
|b slo
|c SNKBUCL
|e AACR2
|
| 041 |
0 |
|
|a slo
|
| 044 |
|
|
|a xo
|c SK
|
| 080 |
|
|
|a 004.42PicaJet
|2 1997
|
| 080 |
|
|
|a 77.089:004.932
|2 1997
|
| 080 |
|
|
|a 004.932:77.089
|2 1997
|
| 100 |
1 |
|
|a Géci, Ján
|4 aut
|9 277369
|
| 245 |
1 |
0 |
|a Bezplatný digitálny album
|b PicaJet 2.4
|c Ján Géci
|
| 300 |
|
|
|b Obr., tab.
|
| 630 |
0 |
7 |
|a PicaJet
|2 snkbucl
|9 1468451
|
| 650 |
0 |
7 |
|a digitálna fotografia
|2 snkbucl
|9 20210
|
| 650 |
0 |
7 |
|a digitálne fotoalbumy
|2 snkbucl
|9 1046626
|
| 650 |
0 |
7 |
|a fotografický softvér
|2 snkbucl
|9 1034285
|
| 773 |
0 |
|
|t PC revue
|g Roč. XIII, č. 7 (2005), s. 98-99
|x 1335-0226
|
| 850 |
|
|
|a Slovenská národná knižnica
|
| 852 |
|
|
|a Slovenská národná knižnica
|
| 954 |
|
|
|a odborná, vedecká literatúra pôvodná (slovenská)
|2 lita
|
| 958 |
|
|
|a article27
|
| 958 |
|
|
|a OND
|
| 958 |
|
|
|a EUIPO
|
| 999 |
|
|
|c 2935857
|d 2937787
|